000 00653nam a22001937a 4500
005 20241008121652.0
010 _aENG-141954
020 _c175.00
_a9789381448984
035 _aEN-125486
037 _bDBAD
082 _a170
100 _aPrasoon, Shrikant
_972459
245 _aChanakya:
_bRules of Governance by the Guru of Governance/
_cby Shrikant Prasoon
250 _a1
260 _aNew Delhi
_bV&S Publishers
_c2011
270 _aF-216, Ansari Road, Daryaganj
_bNew Delhi
_e110002
_k011-23240026
_k011-23240027
_l011-23240028
_minfo@vspublishers.com
300 _a244p.
_c20cm(pb)
942 _2ddc
_cEN
_h170
_mSHR
999 _c206162
_d206162